| 000 | 00827cam a2200241 i 4500 | ||
|---|---|---|---|
| 999 |
_c13286 _d13286 |
||
| 020 | _a1305947215 | ||
| 020 | _a9781305947214 | ||
| 082 | 0 | 4 |
_a361.3/2 _b10364 |
| 100 | 1 | _aWoodside, Marianne. | |
| 245 | 1 | 0 |
_aGeneralist case management : _ba method of human service delivery / _cMarianne Woodside, Tricia McClam, University of Tennessee. |
| 250 | _aFifth edition | ||
| 260 |
_aUSA _bCENGAGE _c2018 |
||
| 300 |
_axx, 460 pages : _billustrations ; |
||
| 505 | 0 | _aIntroduction to case management -- The case management process -- Working within the social service delivery system. | |
| 650 | 0 | _aSocial case work | |
| 650 | 0 | _aHuman services | |
| 650 | 7 | _aHuman services. | |
| 650 | 7 | _aSocial case work. | |
| 650 | 7 | _aCase Management | |
| 650 | 7 | _aSoziale Dienstleistung | |
| 700 | 1 | _aMcClam, Tricia. | |
| 942 | _cCALCULUS | ||